[Event "XXX Festival A"]
[Site "Arco ITA"]
[Date "2008.10.23"]
[Round "6"]
[White "Mazza, Maurizio"]
[Black "Savarese, Vincenzo"]
[Result "0-1"]
[WhiteElo "1765"]
[BlackElo "1821"]
[PlyCount "64"]
[EventDate "2008.10.18"]

1. e4 e6 2. d4 d5 3. exd5 exd5 4. Nf3 Bd6 5. Nc3 Nf6 6. Bg5 c6 7. Be2 O-O 8.
O-O Bf5 9. Re1 Nbd7 10. Nh4 Be6 11. h3 h6 12. Be3 Ne4 13. Nf3 Ndf6 14. Nxe4
Nxe4 15. Bd3 Bf5 16. c3 Qf6 17. Qc2 Rfe8 18. Nh2 Re7 19. Nf1 Rae8 20. Re2 Qg6
21. g4 Bxg4 22. hxg4 Qxg4+ 23. Kh1 Qf3+ 24. Kg1 Ng5 25. Bf5 Re4 26. Ng3 Bxg3
27. Bxe4 Nh3+ 28. Kf1 Rxe4 29. Ke1 Rxe3 30. fxg3 Qxg3+ 31. Kd2 Rxe2+ 32. Kxe2
Qg2+ 0-1

[Event "XXX Festival A"]
[Site "Arco ITA"]
[Date "2008.10.23"]
[Round "6"]
[White "Medancic, Rikard"]
[Black "Larino Nieto, David"]
[Result "0-1"]
[WhiteElo "2225"]
[BlackElo "2469"]
[PlyCount "120"]
[EventDate "2008.10.18"]

1. d4 e6 2. Nf3 c5 3. g3 Nf6 4. Bg2 cxd4 5. O-O d5 6. b3 Bd6 7. Nxd4 a6 8. Nd2
e5 9. N4f3 b5 10. c4 Bb7 11. cxd5 Bxd5 12. Bb2 Nc6 13. Rc1 Rc8 14. Ng5 Bxg2 15.
Kxg2 Be7 16. Ndf3 O-O 17. Nxe5 Qb6 18. Nxc6 Rxc6 19. Rxc6 Qxc6+ 20. Nf3 Rd8 21.
Qc1 Qe4 22. Qb1 Qd5 23. Rc1 h6 24. Rc2 Ne4 25. Qc1 Bc5 26. Qf4 f6 27. e3 h5 28.
Qc7 Rd7 29. Qc8+ Kh7 30. h4 a5 31. Bd4 Bb4 32. Qc6 Qf5 33. a4 bxa4 34. bxa4 Rd6
35. Qa8 Qe6 36. Rc8 Ra6 37. Rh8+ Kg6 38. Qc8 Qc6 39. Qe8+ Qxe8 40. Rxe8 Nd6 41.
Re7 Rc6 42. e4 Nc4 43. Ra7 Bd6 44. Rb7 Bb4 45. e5 Re6 46. exf6 gxf6 47. Rc7 Nd6
48. Rc6 Re2 49. Ng1 Rd2 50. Be3 Ra2 51. Nh3 Kf5 52. Nf4 Kg4 53. Nd3 Ba3 54. Bc5
Bxc5 55. Rxc5 Rd2 56. Nf4 Ne4 57. Rd5 Rxf2+ 58. Kg1 f5 59. Re5 Ra2 60. Rxa5
Nxg3 0-1

[Event "XXX Festival A"]
[Site "Arco ITA"]
[Date "2008.10.23"]
[Round "6"]
[White "Moncelli, Giorgio"]
[Black "Grant, Jonathan I.M."]
[Result "0-1"]
[WhiteElo "2110"]
[BlackElo "2246"]
[PlyCount "78"]
[EventDate "2008.10.18"]

1. e4 c6 2. d4 d5 3. e5 Bf5 4. Nf3 e6 5. Be2 Nd7 6. O-O h6 7. Nbd2 Ne7 8. Nb3
Bh7 9. Bd2 Ng6 10. Be3 Be7 11. Ne1 c5 12. c3 O-O 13. f4 cxd4 14. cxd4 Qb6 15.
Nf3 Rfc8 16. Bd3 a5 17. a4 Bf8 18. Rf2 Ne7 19. Bxh7+ Kxh7 20. g4 g6 21. h4 Bg7
22. Qd3 Qa6 23. Qb1 Qc4 24. Ra3 Ra6 25. h5 b5 26. axb5 Qxb5 27. hxg6+ fxg6 28.
Nh4 Nb6 29. Nd2 Nc4 30. Nxc4 dxc4 31. f5 exf5 32. gxf5 gxf5 33. Nxf5 Rg6+ 34.
Kh2 Nxf5 35. Qxf5 Rf8 36. Qc2 Bxe5+ 37. dxe5 Qxe5+ 38. Bf4 Rxf4 39. Rxf4 Qxf4+
0-1

[Event "XXX Festival A"]
[Site "Arco ITA"]
[Date "2008.10.23"]
[Round "6"]
[White "Moratto, Davide"]
[Black "Orlandi, Stefano"]
[Result "0-1"]
[WhiteElo "1860"]
[BlackElo "1965"]
[PlyCount "64"]
[EventDate "2008.10.18"]

1. e4 c5 2. Nf3 Nc6 3. b3 e5 4. Bb2 d6 5. Bb5 Bd7 6. O-O a6 7. Bxc6 Bxc6 8. d3
Nf6 9. c4 Be7 10. Nc3 O-O 11. h3 b5 12. Nd2 Nd7 13. f4 exf4 14. Rxf4 Ne5 15.
Nf1 Bg5 16. Rf2 Bh4 17. g3 Bg5 18. Nd5 Bd7 19. d4 cxd4 20. Bxd4 Bxh3 21. Qh5
Bg4 22. Qh1 bxc4 23. Bxe5 dxe5 24. bxc4 Qa5 25. Nh2 Be6 26. Nf3 Bh6 27. Nf6+
Kh8 28. Ng5 Qc3 29. Rff1 Bxc4 30. Rab1 Qxg3+ 31. Qg2 Qe3+ 32. Rf2 Qxg5 0-1

[Event "XXX Festival A"]
[Site "Arco ITA"]
[Date "2008.10.23"]
[Round "6"]
[White "Morselli, Stefano"]
[Black "Traversi, Carlo"]
[Result "1-0"]
[WhiteElo "1901"]
[BlackElo "1759"]
[PlyCount "63"]
[EventDate "2008.10.18"]

1. Nf3 d5 2. g3 Nf6 3. Bg2 c6 4. d3 g6 5. Nbd2 Bg7 6. O-O O-O 7. Re1 Nbd7 8. e4
dxe4 9. dxe4 e5 10. Nc4 Qc7 11. a4 b5 12. axb5 cxb5 13. Nd6 a6 14. Nxb5 Qc6 15.
Nd6 Ne8 16. Nxc8 Rxc8 17. Ra3 Nef6 18. c3 Rfd8 19. Qe2 Ra8 20. Bg5 h6 21. Bxf6
Bxf6 22. b4 Nf8 23. Rea1 Ne6 24. c4 Nc7 25. Ra5 Qd6 26. b5 axb5 27. Rxa8 Rxa8
28. Rxa8+ Nxa8 29. cxb5 Nb6 30. Qc2 Be7 31. Qc6 Na4 32. Qa8+ 1-0

[Event "XXX Festival A"]
[Site "Arco ITA"]
[Date "2008.10.23"]
[Round "6"]
[White "Niccoli, Paolo"]
[Black "Cardili, Mariano"]
[Result "1/2-1/2"]
[WhiteElo "1898"]
[BlackElo "2123"]
[PlyCount "33"]
[EventDate "2008.10.18"]

1. e4 c6 2. Nc3 d5 3. Nf3 Bg4 4. h3 Bxf3 5. Qxf3 Nf6 6. d3 e6 7. Bd2 Qb6 8.
O-O-O Nbd7 9. g4 d4 10. Ne2 Bd6 11. g5 Ng8 12. Kb1 Ne7 13. h4 Ne5 14. Qg2 O-O-O
15. f4 Nd7 16. Qf2 Bc5 17. Bh3 1/2-1/2

[Event "XXX Festival A"]
[Site "Arco ITA"]
[Date "2008.10.23"]
[Round "6"]
[White "Perich, Stefano"]
[Black "Castellano, Alfonso"]
[Result "1-0"]
[WhiteElo "1960"]
[BlackElo "1967"]
[PlyCount "109"]
[EventDate "2008.10.18"]

1. d4 Nf6 2. Nf3 g6 3. c4 Bg7 4. Nc3 d6 5. e4 O-O 6. h3 e5 7. d5 a5 8. Be2 Na6
9. Be3 Nc5 10. Nd2 b6 11. Qc2 Bd7 12. Nb3 Ne8 13. g4 f5 14. gxf5 gxf5 15. Nxc5
dxc5 16. O-O-O f4 17. Bd2 Nd6 18. Rdg1 Kh8 19. Qd3 Qf6 20. Bg4 Be8 21. Be6 a4
22. h4 Rb8 23. Rh2 Bh6 24. Rhg2 Bg6 25. h5 Bf7 26. Bxf7 Qxf7 27. Nxa4 Qe8 28.
Nc3 b5 29. cxb5 Nxb5 30. Nxb5 Rxb5 31. f3 Rb8 32. Bc3 Qe7 33. Qa6 Rb6 34. Qc4
Qd6 35. Be1 Rfb8 36. b3 Ra6 37. Bc3 Raa8 38. Kb1 Rg8 39. a4 Rxg2 40. Rxg2 Bg7
41. a5 Bf6 42. Qb5 Qa6 43. Qxa6 Rxa6 44. Kc2 Bg7 45. Kd3 Rh6 46. Rh2 Kg8 47.
Kc4 Kf7 48. Kb5 Rd6 49. Kxc5 Kf6 50. Kb5 Bf8 51. Bb4 Rd8 52. Bxf8 Rxf8 53. Kc6
Ra8 54. b4 Rb8 55. b5 1-0

[Event "XXX Festival A"]
[Site "Arco ITA"]
[Date "2008.10.23"]
[Round "6"]
[White "Piccoli, Vincenzo"]
[Black "Collato, Luca"]
[Result "0-1"]
[WhiteElo "1972"]
[BlackElo "1848"]
[PlyCount "74"]
[EventDate "2008.10.18"]

1. e4 c5 2. Nf3 Nc6 3. d4 cxd4 4. Nxd4 g6 5. Bc4 Bg7 6. Be3 Nf6 7. Nc3 O-O 8.
O-O d6 9. h3 Ne5 10. Bb3 Nh5 11. Qd2 Kh8 12. Bh6 Bxh6 13. Qxh6 Ng7 14. Kh1 f5
15. Rae1 Qb6 16. exf5 Bxf5 17. Re4 Nf7 18. Bxf7 Rxf7 19. Rh4 g5 20. Qxg5 Rg8
21. Qc1 e5 22. Nd5 Qc5 23. b4 Qxd5 24. c4 Qxd4 25. Rxd4 exd4 26. a4 Ne6 27. Qb2
Rfg7 28. f3 Rxg2 29. Qxg2 Rxg2 30. Kxg2 Bc2 31. Rf2 d3 32. Kf1 Nd4 33. a5 Nxf3
34. c5 d2 35. Rxd2 Nxd2+ 36. Ke2 Nc4 37. a6 b5 0-1

[Event "XXX Festival A"]
[Site "Arco ITA"]
[Date "2008.10.23"]
[Round "6"]
[White "Prelati, Maurizio"]
[Black "Del Nevo, Claudio"]
[Result "1-0"]
[WhiteElo "2135"]
[BlackElo "1898"]
[PlyCount "55"]
[EventDate "2008.10.18"]

1. e4 d6 2. d4 Nf6 3. Nc3 c6 4. f4 g6 5. Nf3 Bg7 6. Bd3 O-O 7. h3 b5 8. Be3 b4
9. Ne2 a5 10. g4 Ba6 11. Ng3 Bxd3 12. Qxd3 Na6 13. g5 Nd7 14. h4 c5 15. h5 Qc7
16. Qe2 cxd4 17. Nxd4 e5 18. hxg6 exd4 19. Qh5 fxg6 20. Qxh7+ Kf7 21. Bxd4 Ne5
22. fxe5 dxe5 23. Rf1+ Ke8 24. Qxg6+ Rf7 25. Bxe5 Qxe5 26. Qxf7+ Kd8 27. O-O-O+
Kc8 28. Qd7+ 1-0

[Event "XXX Festival A"]
[Site "Arco ITA"]
[Date "2008.10.23"]
[Round "6"]
[White "Ricci, Alfredo"]
[Black "Bernardi, Ruben"]
[Result "0-1"]
[WhiteElo "2020"]
[BlackElo "2154"]
[PlyCount "142"]
[EventDate "2008.10.18"]

1. e4 d5 2. exd5 Qxd5 3. Nc3 Qa5 4. Nf3 Nf6 5. Be2 c6 6. O-O Bg4 7. h3 h5 8. d4
Bf5 9. a3 e6 10. Bf4 Nbd7 11. b4 Qd8 12. Ne5 Be7 13. Bf3 Nxe5 14. Bxe5 Kf8 15.
Ne2 Nd7 16. Bh2 Bf6 17. Ng3 Bg6 18. Nxh5 Bxh5 19. Bd6+ Kg8 20. Bxh5 Qb6 21. c3
Qb5 22. Bg4 Qd5 23. Bg3 Nb6 24. Re1 Qd7 25. Qb3 Re8 26. Rad1 Qd5 27. Qc2 g6 28.
a4 Qd8 29. c4 Kg7 30. a5 Nc8 31. Be5 Nd6 32. f4 b6 33. a6 Nc8 34. Bf3 Bxe5 35.
fxe5 Ne7 36. Qe4 Qc8 37. Ra1 Rd8 38. Red1 Rd7 39. Qf4 Qd8 40. Bg4 Rf8 41. Ra3
Qc8 42. h4 Ng8 43. Bf3 f5 44. Qg5 Ne7 45. h5 Qe8 46. Rad3 Qf7 47. d5 exd5 48.
cxd5 Nxd5 49. hxg6 Qxg6 50. Qxg6+ Kxg6 51. Bxd5 cxd5 52. Rxd5 Re7 53. g3 f4 54.
Kg2 fxg3 55. Kxg3 Rf5 56. Re1 Kf7 57. Kg4 Rf2 58. Re4 Ke8 59. Kg3 Rf5 60. Kg4
Rf1 61. Kg5 Rg7+ 62. Kh6 Rg2 63. Rh4 Ke7 64. Rh5 Rf8 65. Kh7 Rf7+ 66. Kh6 Rfg7
67. Rh3 R2g6+ 68. Kh5 Rg8 69. Rhd3 Rg1 70. Rd7+ Ke6 71. R3d6+ Kf5 0-1

[Event "XXX Festival A"]
[Site "Arco ITA"]
[Date "2008.10.23"]
[Round "6"]
[White "Salati, Paolo"]
[Black "Giaracuni, Claudio"]
[Result "1/2-1/2"]
[WhiteElo "1866"]
[BlackElo "1780"]
[PlyCount "96"]
[EventDate "2008.10.18"]

1. e4 c5 2. Nf3 d6 3. g3 Nf6 4. Nc3 Nc6 5. Bg2 Bg4 6. O-O Nd4 7. d3 e6 8. Re1
Be7 9. h3 Nxf3+ 10. Bxf3 Bxf3 11. Qxf3 e5 12. Bg5 Nd7 13. Bxe7 Qxe7 14. Nd5 Qd8
15. a4 O-O 16. b3 Nb6 17. Ne3 Nd7 18. Nd5 a5 19. Rf1 g6 20. Qe3 Nf6 21. Nc3 Nh5
22. Nd5 f5 23. exf5 gxf5 24. Qh6 Nf6 25. Qg5+ Kh8 26. Nxf6 Qxf6 27. Qxf6+ Rxf6
28. f4 Rg8 29. Kh2 exf4 30. Rxf4 Re6 31. Raf1 Re2+ 32. R1f2 Rxf2+ 33. Rxf2 Re8
34. Kg2 Re5 35. Kf3 Kg7 36. Re2 Kf6 37. Re3 h5 38. Kf4 Rxe3 39. Kxe3 Kg5 40.
Kf3 d5 41. c3 d4 42. cxd4 cxd4 43. h4+ Kf6 44. Kf4 b6 45. Kf3 Ke5 46. Kf2 f4
47. Kf3 fxg3 48. Kxg3 Kf5 1/2-1/2

[Event "XXX Festival A"]
[Site "Arco ITA"]
[Date "2008.10.23"]
[Round "6"]
[White "Schrott, Ernst"]
[Black "Papa, Angelo"]
[Result "1-0"]
[WhiteElo "2072"]
[BlackElo "1870"]
[PlyCount "97"]
[EventDate "2008.10.18"]

1. e4 g6 2. d4 Bg7 3. f4 d5 4. e5 Nh6 5. Nf3 Bg4 6. Be2 O-O 7. O-O f6 8. c4 c6
9. Qb3 Qb6 10. cxd5 Qxb3 11. axb3 cxd5 12. Nc3 e6 13. Nb5 Nc6 14. h3 Bxf3 15.
Bxf3 Rf7 16. Bd2 Nf5 17. Ra4 fxe5 18. fxe5 Nfxd4 19. Nxd4 Nxd4 20. Rxd4 Bxe5
21. Rd3 Bxb2 22. Re1 Kg7 23. Rxe6 d4 24. Bb4 Rc8 25. Re2 Bc3 26. Bxc3 Rxc3 27.
Rxc3 dxc3 28. Rc2 Rc7 29. Be2 a6 30. Kf2 Kf6 31. Ke3 b5 32. Kd4 b4 33. Bxa6 Kg5
34. Bc4 Kf4 35. Kd3 Kg3 36. Bd5 Kf4 37. Rf2+ Ke5 38. Bc4 Rd7+ 39. Kc2 h6 40.
Re2+ Kf4 41. Bd3 Ra7 42. Re4+ Kg3 43. Rg4+ Kf2 44. Bxg6 Ra2+ 45. Kc1 Ra1+ 46.
Bb1 Ra3 47. Rxb4 Kxg2 48. h4 Kf3 49. Kc2 1-0

[Event "XXX Festival A"]
[Site "Arco ITA"]
[Date "2008.10.23"]
[Round "6"]
[White "Sigillo, Carmelo"]
[Black "Pivovarov, Michail"]
[Result "1-0"]
[WhiteElo "1751"]
[BlackElo "1963"]
[PlyCount "51"]
[EventDate "2008.10.18"]

1. e4 c6 2. Nc3 d5 3. Nf3 d4 4. Ne2 c5 5. Ng3 Nc6 6. Bc4 e6 7. O-O Bd6 8. Qe2
a6 9. a4 Qc7 10. c3 Bxg3 11. hxg3 e5 12. Ng5 Nh6 13. d3 O-O 14. f4 Bg4 15. Qf2
Rad8 16. fxe5 Na5 17. Bd5 Qe7 18. cxd4 cxd4 19. Bf4 Be6 20. Qd2 b6 21. Nxe6
fxe6 22. Ba2 Ng4 23. Bg5 Qd7 24. Bxd8 Rxd8 25. Qg5 Ne3 26. Bxe6+ 1-0

[Event "XXX Festival A"]
[Site "Arco ITA"]
[Date "2008.10.23"]
[Round "6"]
[White "Sigmund, Ingenuin"]
[Black "Stolfa, Rodolfo"]
[Result "0-1"]
[WhiteElo "1676"]
[BlackElo "1912"]
[PlyCount "72"]
[EventDate "2008.10.18"]

1. e4 e5 2. d4 exd4 3. Nf3 c5 4. Bc4 d6 5. c3 Nc6 6. cxd4 cxd4 7. O-O Bg4 8.
Bxf7+ Kxf7 9. Ng5+ Qxg5 10. Qb3+ Be6 11. Qxb7+ Qe7 12. Qxa8 Qd7 13. f4 Bc4 14.
Rf3 Ba6 15. Rb3 Nge7 16. Rb8 Qc7 17. e5 dxe5 18. Nd2 Qxb8 19. Qxb8 Nxb8 20.
fxe5 Nd7 21. Nf3 Nc6 22. Ng5+ Kg6 23. e6 Nc5 24. Bd2 Be7 25. Rc1 Rc8 26. h4 h6
27. Nf3 Nxe6 28. b3 Bb4 29. Re1 Kf6 30. g4 Bxd2 31. Nxd2 Bd3 32. Kf2 Ne5 33.
Kg3 Rc3 34. Nf3 Nxf3 35. Kxf3 Bb1+ 36. Kg2 Nf4+ 0-1

[Event "XXX Festival A"]
[Site "Arco ITA"]
[Date "2008.10.23"]
[Round "6"]
[White "Spornberger, Maximilian"]
[Black "Dickhoff, Ronald"]
[Result "1-0"]
[WhiteElo "2023"]
[BlackElo "2175"]
[PlyCount "59"]
[EventDate "2008.10.18"]

1. d4 Nf6 2. Bf4 b6 3. e3 Bb7 4. Nf3 g6 5. h3 Bg7 6. Be2 c5 7. O-O O-O 8. c3 d6
9. Nbd2 Nbd7 10. a4 a6 11. Qb3 Bc6 12. Ne1 Qc8 13. Bf3 Bxf3 14. Nexf3 Qc6 15.
Ra3 cxd4 16. exd4 d5 17. Raa1 Rfc8 18. Rfe1 e6 19. Ne5 Nxe5 20. Bxe5 b5 21.
axb5 axb5 22. Nf3 Qc4 23. Nd2 Qc6 24. Nf3 Ra6 25. Ra3 Rxa3 26. Qxa3 Ra8 27. Qe7
Nd7 28. Bxg7 Kxg7 29. Ng5 Rf8 30. Nxe6+ 1-0

[Event "XXX Festival A"]
[Site "Arco ITA"]
[Date "2008.10.23"]
[Round "6"]
[White "Thonig, Manfred"]
[Black "Bortolotti, Silvano"]
[Result "1/2-1/2"]
[WhiteElo "1709"]
[BlackElo "1826"]
[PlyCount "117"]
[EventDate "2008.10.18"]

1. f4 d5 2. Nf3 Nc6 3. d4 Nf6 4. e3 a6 5. a3 e6 6. Bd3 Na5 7. O-O b6 8. Nbd2
Nb7 9. b4 b5 10. Ne5 Nd6 11. Bb2 Bb7 12. c3 Nc4 13. Ndxc4 dxc4 14. Bc2 Ne4 15.
a4 Qd5 16. Qe2 Be7 17. axb5 axb5 18. Rxa8+ Bxa8 19. f5 O-O 20. fxe6 fxe6 21.
Rxf8+ Bxf8 22. Qh5 g6 23. Qf3 Nf6 24. e4 Qd8 25. Bc1 Bg7 26. Bg5 Qf8 27. Qh3
Qe8 28. Qh4 Qf8 29. Qh3 Qe8 30. Qh4 Qf8 31. Qe1 Bb7 32. Qe2 Qa8 33. Bxf6 Bxf6
34. Nd7 Qa1+ 35. Qf1 Bxd4+ 36. cxd4 Qxd4+ 37. Qf2 Qxd7 38. e5 Qd5 39. Qe2 Qd4+
40. Kh1 Bd5 41. h3 Qf4 42. Kg1 c6 43. Qe1 Qd4+ 44. Kh2 c3 45. Qg3 Qd2 46. Bxg6
Qxg2+ 47. Qxg2 Bxg2 48. Bc2 Bd5 49. Kg3 Kg7 50. Kf4 Kh6 51. Ke3 Kg5 52. Bxh7
Kh4 53. Kd4 Kxh3 54. Kxc3 Kg4 55. Kd4 Kf4 56. Bg6 Bc4 57. Be8 Bd5 58. Bg6 Kg5
59. Bh7 1/2-1/2

[Event "XXX Festival A"]
[Site "Arco ITA"]
[Date "2008.10.23"]
[Round "6"]
[White "Tomasi, Diego"]
[Black "Fragni, Enrico"]
[Result "1-0"]
[WhiteElo "2002"]
[BlackElo "1784"]
[PlyCount "123"]
[EventDate "2008.10.18"]

1. f4 d6 2. Nf3 Bg4 3. e3 Nd7 4. Bb5 e6 5. O-O Be7 6. h3 Bxf3 7. Qxf3 c6 8. d4
Ngf6 9. b3 Qc7 10. Bb2 d5 11. Bd3 g6 12. Nd2 Bb4 13. c3 Bf8 14. e4 dxe4 15.
Nxe4 Nxe4 16. Bxe4 Nf6 17. Bc2 Bd6 18. c4 Nh5 19. g3 O-O-O 20. d5 Rhg8 21. Rae1
exd5 22. cxd5 Bc5+ 23. Kg2 Rxd5 24. Rd1 Rxd1 25. Rxd1 f6 26. Qg4+ Kb8 27. Rd7
Qa5 28. Qd1 Bb6 29. Rxh7 Rd8 30. Rd7 Rxd7 31. Qxd7 a6 32. Bxg6 Ka7 33. Bxh5
Qxh5 34. Qd2 Qf5 35. h4 Qe4+ 36. Kh3 f5 37. Be5 Qh1+ 38. Qh2 Qf1+ 39. Qg2 Qd1
40. Bf6 Bg1 41. g4 Qd3+ 42. Qg3 Qf1+ 43. Qg2 fxg4+ 44. Kg3 Qd1 45. Be5 Bb6 46.
h5 Qd7 47. Qe2 Qf5 48. Qxg4 Qd3+ 49. Qf3 Qb1 50. Qg2 Qf5 51. Qf3 Qe6 52. Qg4
Qd5 53. h6 Qd3+ 54. Kh4 Bd8+ 55. Kh5 Qd5 56. h7 Qh1+ 57. Kg6 Qe4+ 58. Kg7 Bc7
59. Qg1+ b6 60. Qg5 Bxe5+ 61. fxe5 c5 62. h8=Q 1-0

[Event "XXX Festival A"]
[Site "Arco ITA"]
[Date "2008.10.23"]
[Round "6"]
[White "Tratar, Marko"]
[Black "Vezzosi, Paolo"]
[Result "1/2-1/2"]
[WhiteElo "2507"]
[BlackElo "2337"]
[PlyCount "53"]
[EventDate "2008.10.18"]

1. Nf3 Nf6 2. c4 c5 3. Nc3 g6 4. d4 cxd4 5. Nxd4 Bg7 6. e4 d6 7. Be2 Nc6 8. Be3
O-O 9. O-O Bd7 10. Qd2 Nxd4 11. Bxd4 Bc6 12. f3 a5 13. b3 Nd7 14. Be3 Nc5 15.
Rab1 f5 16. exf5 gxf5 17. Nd5 Rf7 18. Rbd1 Kh8 19. Nf4 Qg8 20. Rf2 Be5 21. Bf1
b6 22. Nd3 Bf6 23. Qc2 Raf8 24. Nf4 Be5 25. Nd3 Bf6 26. Nf4 Be5 27. Nd3 1/2-1/2

[Event "XXX Festival A"]
[Site "Arco ITA"]
[Date "2008.10.23"]
[Round "6"]
[White "Valenti, Giuseppe"]
[Black "De Eccher, Stefano"]
[Result "1/2-1/2"]
[WhiteElo "2162"]
[BlackElo "2263"]
[PlyCount "37"]
[EventDate "2008.10.18"]

1. e4 e5 2. Nf3 Nc6 3. Bb5 a6 4. Bxc6 dxc6 5. O-O Be7 6. Re1 Bf6 7. h3 Ne7 8.
d4 Ng6 9. dxe5 Qxd1 10. Rxd1 Nxe5 11. Nbd2 Be6 12. Nxe5 Bxe5 13. Nf3 Bd6 14.
Nd4 Bd7 15. Be3 O-O-O 16. f3 Rde8 17. Kf2 c5 18. Nb3 b6 19. Nd2 1/2-1/2

[Event "XXX Festival A"]
[Site "Arco ITA"]
[Date "2008.10.23"]
[Round "6"]
[White "Vanzan, Alessandro"]
[Black "Galas, Franco"]
[Result "1/2-1/2"]
[WhiteElo "1805"]
[BlackElo "1541"]
[PlyCount "56"]
[EventDate "2008.10.18"]

1. c4 d6 2. Nc3 g6 3. Nf3 Bg7 4. g3 e6 5. Bg2 Ne7 6. O-O Nd7 7. d4 O-O 8. Rb1
Rb8 9. Bg5 Qe8 10. Qc1 b6 11. Bh6 Bb7 12. Bxg7 Kxg7 13. Qd2 Qd8 14. e4 c6 15.
b4 d5 16. cxd5 cxd5 17. e5 Ba6 18. b5 Bb7 19. Rfc1 Rc8 20. a4 h5 21. h4 Nf5 22.
Rc2 Rc4 23. Bf1 Rc7 24. Rbc1 Qe7 25. Bg2 Rfc8 26. Nxd5 Rxc2 27. Nxe7 Rxc1+ 28.
Kh2 Nxe7 1/2-1/2

[Event "XXX Festival A"]
[Site "Arco ITA"]
[Date "2008.10.23"]
[Round "6"]
[White "Virzi, Ettore"]
[Black "Battiston, Claudio"]
[Result "1/2-1/2"]
[WhiteElo "1950"]
[BlackElo "2027"]
[PlyCount "30"]
[EventDate "2008.10.18"]

1. e4 d5 2. exd5 Qxd5 3. Nc3 Qd6 4. d4 Nf6 5. Nf3 a6 6. g3 b5 7. Bg2 Bb7 8. Bf4
Qd8 9. a3 e6 10. O-O Be7 11. Qe2 O-O 12. Rad1 Nbd7 13. Ne5 Bxg2 14. Kxg2 Bd6
15. Bg5 Qe8 1/2-1/2

[Event "XXX Festival A"]
[Site "Arco ITA"]
[Date "2008.10.23"]
[Round "6"]
[White "Vuelban, Virgilio"]
[Black "Tocco, Paolo"]
[Result "1-0"]
[WhiteElo "2390"]
[BlackElo "2156"]
[PlyCount "131"]
[EventDate "2008.10.18"]

1. d4 f5 2. e4 fxe4 3. Nc3 Nc6 4. Nxe4 d5 5. Ng3 e5 6. dxe5 Nxe5 7. Qh5+ Nf7 8.
Bd3 Nf6 9. Qe2+ Qe7 10. Bd2 Qxe2+ 11. N1xe2 Bd6 12. Nf5 Bxf5 13. Bxf5 O-O 14.
O-O-O g6 15. Bh3 c6 16. f3 Rfe8 17. Nf4 Re7 18. Nd3 Rae8 19. g3 Re2 20. Bc3 Nh5
21. f4 R2e7 22. Bg2 Ng7 23. g4 Ne6 24. Rdf1 Nc5 25. Nxc5 Bxc5 26. Kd1 Re2 27.
Bf3 Rf2 28. Rxf2 Bxf2 29. Rf1 Bc5 30. b3 Bd6 31. h4 Bxf4 32. Bxd5 Rd8 33. Rxf4
Rxd5+ 34. Ke2 g5 35. Re4 Nd6 36. Re7 gxh4 37. Rg7+ Kf8 38. Rxh7 Nb5 39. Bf6
Nd4+ 40. Bxd4 Rxd4 41. Rxh4 Kg7 42. Ke3 Rd7 43. Rh2 Kg6 44. Rd2 Re7+ 45. Kf4
Rf7+ 46. Kg3 Kg5 47. Rd8 Kg6 48. Rg8+ Kh7 49. Re8 a6 50. Kh4 Kg6 51. Rg8+ Kh7
52. Rd8 Rf2 53. Kg5 Rxc2 54. Rd7+ Kg8 55. Kg6 Kf8 56. Rf7+ Ke8 57. Rxb7 Rxa2
58. g5 a5 59. Kh7 a4 60. bxa4 Rxa4 61. g6 Rh4+ 62. Kg8 Rg4 63. g7 c5 64. Kh7
Rh4+ 65. Kg6 Rg4+ 66. Kf6 1-0

[Event "XXX Festival A"]
[Site "Arco ITA"]
[Date "2008.10.23"]
[Round "6"]
[White "Weinberg, Emanuele"]
[Black "Buglisi, Massimo"]
[Result "1-0"]
[WhiteElo "1861"]
[BlackElo "1969"]
[PlyCount "58"]
[EventDate "2008.10.18"]

1. d4 Nf6 2. c4 g6 3. Nc3 Bg7 4. e4 d6 5. f3 O-O 6. Be3 Nbd7 7. Nh3 c6 8. Qd2
e5 9. d5 cxd5 10. cxd5 a5 11. Nf2 Nc5 12. Nd3 Nxd3+ 13. Bxd3 Nh5 14. Rc1 Nf4
15. Bb5 Qg5 16. Rg1 Qe7 17. Na4 Nxd5 18. Qxd5 Be6 19. Qd2 f5 20. Nb6 fxe4 21.
Nd5 Qh4+ 22. g3 Qh5 23. fxe4 Rf7 24. Nc7 Rxc7 25. Rxc7 Qf3 26. Bc4 Bxc4 27.
Rxc4 Rd8 28. Rf1 Qg4 29. Qd5+ Kh8 1-0

[Event "XXX Festival A"]
[Site "Arco ITA"]
[Date "2008.10.23"]
[Round "6"]
[White "Wohl, Aleksandar H."]
[Black "Buratti, Marco"]
[Result "1-0"]
[WhiteElo "2362"]
[BlackElo "2017"]
[PlyCount "107"]
[EventDate "2008.10.18"]

1. e4 e5 2. Nf3 Nc6 3. Bb5 Bc5 4. O-O Qf6 5. c3 Nge7 6. d3 h6 7. Nbd2 O-O 8. b4
Bb6 9. Nc4 d6 10. a4 a6 11. Nxb6 cxb6 12. Bc4 Bg4 13. h3 Bxf3 14. Qxf3 Qxf3 15.
gxf3 Rad8 16. b5 Nb8 17. Rd1 a5 18. Ba3 Ng6 19. d4 Rc8 20. Bd5 Rxc3 21. Bxd6
Re8 22. dxe5 Nd7 23. Rac1 Rxf3 24. e6 fxe6 25. Bxb7 Nde5 26. Bc6 Rc8 27. Bd7
Rxc1 28. Bxe6+ Kh7 29. Rxc1 Rf6 30. Bxe5 Rxe6 31. Bc7 Rxe4 32. Bxb6 Rxa4 33.
Rb1 Rb4 34. Rxb4 axb4 35. Bd4 Nf4 36. Kf1 Ne6 37. Bb2 Nc5 38. Ke2 Kg6 39. Bd4
Nb7 40. Kd3 Nd6 41. b6 b3 42. Be5 Nb7 43. Kc4 Kf7 44. Kxb3 g6 45. Kc4 Ke6 46.
Bf4 h5 47. h4 Kf5 48. Bg3 Ke4 49. Kb5 Kd5 50. Bc7 Nc5 51. Bd8 Ne6 52. b7 Nd4+
53. Kb6 Nc6 54. Bc7 1-0

[Event "XXX Festival A"]
[Site "Arco ITA"]
[Date "2008.10.23"]
[Round "6"]
[White "Zenatto, Giuliano"]
[Black "Antoniacci, Riccardo"]
[Result "0-1"]
[WhiteElo "1762"]
[BlackElo "1893"]
[PlyCount "78"]
[EventDate "2008.10.18"]

1. Nf3 g6 2. d4 f5 3. g3 Nf6 4. Bg2 Bg7 5. O-O O-O 6. Re1 d6 7. c3 h6 8. Nbd2
c6 9. Qc2 Nbd7 10. Nc4 Ne4 11. Ncd2 Nxd2 12. Bxd2 e5 13. dxe5 dxe5 14. Rad1 e4
15. Nd4 Qe7 16. Qb3+ Kh8 17. Ne6 Rg8 18. Nxg7 Kxg7 19. Be3 Nf6 20. Qc2 Be6 21.
c4 c5 22. f3 Bf7 23. Qc3 Kh7 24. Bf4 Rad8 25. b3 Rge8 26. Qc1 g5 27. Bd2 e3 28.
Bc3 f4 29. Qb2 Nd7 30. Bh3 Nf8 31. Bf5+ Bg6 32. Bxg6+ Nxg6 33. Bf6 Rxd1 34.
Rxd1 Qc7 35. Rd5 fxg3 36. hxg3 Qxg3+ 37. Kh1 Qh3+ 38. Kg1 Nf4 39. Qc2+ Kg8 0-1

[Event "XXX Festival A"]
[Site "Arco ITA"]
[Date "2008.10.23"]
[Round "6"]
[White "Zucchelli, Massimo"]
[Black "Qendro, Llambi"]
[Result "1/2-1/2"]
[WhiteElo "2145"]
[BlackElo "2373"]
[PlyCount "40"]
[EventDate "2008.10.18"]

1. d4 g6 2. c4 Bg7 3. Nc3 d6 4. e4 e5 5. dxe5 Bxe5 6. Nf3 Bxc3+ 7. bxc3 Qe7 8.
Bd3 Nc6 9. Rb1 Nf6 10. O-O Nd7 11. Nd4 Nc5 12. Nxc6 bxc6 13. Be3 Nxd3 14. Qxd3
Ba6 15. Rb4 c5 16. Qd5 O-O 17. Ra4 c6 18. Qg5 f6 19. Qg3 Qb7 20. Qf4 Rad8
1/2-1/2

[Event "XXX Festival A"]
[Site "Arco ITA"]
[Date "2008.10.24"]
[Round "7"]
[White "Ager, Josef"]
[Black "Facchetti, Gianni"]
[Result "0-1"]
[WhiteElo "2231"]
[BlackElo "2154"]
[PlyCount "81"]
[EventDate "2008.10.18"]

1. Nf3 Nf6 2. d4 d6 3. c4 Nbd7 4. Nc3 e5 5. e4 c6 6. Be2 Be7 7. O-O Qc7 8. Re1
Nf8 9. h3 Ng6 10. Rb1 O-O 11. b4 a6 12. Bf1 b6 13. a3 Bb7 14. Bb2 Rad8 15. d5
c5 16. Bc1 Ra8 17. Qd3 Bc8 18. Ne2 Nh5 19. g4 Nhf4 20. Nxf4 exf4 21. Bb2 f6 22.
Qd2 Bd7 23. Rec1 Rae8 24. Ne1 Qc8 25. f3 Qd8 26. Ng2 Ne5 27. Qxf4 f5 28. gxf5
Bg5 29. Qg3 Bxc1 30. Rxc1 Qf6 31. Kh1 Qh6 32. f4 Ng4 33. Qxg4 Rxe4 34. Bd3 Bxf5
35. Qg3 Re7 36. Bxf5 Rxf5 37. Qg4 Qh5 38. Rc2 Qf7 39. Bxg7 h5 40. Qf3 Qxg7 41.
Nh4 0-1

[Event "XXX Festival A"]
[Site "Arco ITA"]
[Date "2008.10.24"]
[Round "7"]
[White "Antoniacci, Riccardo"]
[Black "Burani, Eugenio"]
[Result "1/2-1/2"]
[WhiteElo "1893"]
[BlackElo "1991"]
[PlyCount "94"]
[EventDate "2008.10.18"]

1. e4 c5 2. Nf3 Nf6 3. e5 Nd5 4. g3 d6 5. Bg2 e6 6. O-O Nc6 7. Re1 dxe5 8. Nxe5
Nxe5 9. Rxe5 Bd6 10. Re1 O-O 11. d4 Qb6 12. c4 Ne7 13. d5 Nf5 14. Nc3 Nd4 15.
b3 e5 16. Be3 Bf5 17. Bxd4 exd4 18. Nb5 Rae8 19. Nxd6 Qxd6 20. Qd2 b6 21. a3
Bd7 22. b4 Rxe1+ 23. Rxe1 Re8 24. Rxe8+ Bxe8 25. Qe1 Kf8 26. f4 f6 27. Qd2 Qe7
28. Kf2 f5 29. h3 Bh5 30. Qd3 Bg6 31. bxc5 bxc5 32. Qb3 Be8 33. Kf1 Qc7 34. Qb2
Bh5 35. Qb1 Bg6 36. Qe1 Qe7 37. Qe5 Qxe5 38. fxe5 Ke7 39. Bf3 Be8 40. Bd1 g5
41. Bc2 Bg6 42. d6+ Ke6 43. g4 f4 44. Bxg6 hxg6 45. Kf2 a5 46. Ke1 a4 47. Ke2
Kd7 1/2-1/2